Loa en la Antigua Guatemala: Cavalcavía del tiempo
محفوظ في:
| المؤلف الرئيسي: | |
|---|---|
| التنسيق: | كتاب |
| اللغة: | Undetermined |
| منشور في: |
San José, Costa Rica
Ediciones Promesa
1999
|
| الموضوعات: | |
| الوسوم: |
إضافة وسم
لا توجد وسوم, كن أول من يضع وسما على هذه التسجيلة!
|
MARC
| LEADER | 00000nam a2200000Ia 4500 | ||
|---|---|---|---|
| 008 | 170316s9999 xx 000 0 und d | ||
| 040 | |a cru BVZT | ||
| 090 | |a 860 G-25L | ||
| 100 | |a González Villanueva, Gustavo | ||
| 245 | |a Loa en la Antigua Guatemala: Cavalcavía del tiempo | ||
| 260 | |a San José, Costa Rica | ||
| 260 | |b Ediciones Promesa | ||
| 260 | |c 1999 | ||
| 300 | |a 370 páginas (páginasoesía nº38) | ||
| 650 | |a LITERATURA LATINOAMERICANA | ||
| 650 | |a POESÍA GUATEMALTECA | ||
| 999 | |c 8745 |d 8745 | ||
| 942 | |c 15 D |h 860 G-25L |2 z | ||
